| 000 | 00513nam a22001937a 4500 | ||
|---|---|---|---|
| 003 | MPLRDC | ||
| 005 | 20220104151436.0 | ||
| 008 | 210129b ||||| |||| 00| 0 eng d | ||
| 020 | _a957-733-089-4 | ||
| 082 | _a179 XXQ | ||
| 100 | _a谢小庆、杨立谦、张治灿、何芳编著 | ||
| 245 |
_a洞察人生-- 心理测量学 _c |
||
| 250 | _a初版 | ||
| 260 |
_a _b新雨出版社 _c1994 |
||
| 300 | _b平 | ||
| 490 | _a现代人心心理学丛书. 6 | ||
| 650 | _a心理测验 | ||
| 942 |
_cBK _o179 XXQ |
||
| 999 |
_c52374 _d52364 |
||